N Subdivisions - Hard - Statistics

General Stats
  • This quiz has been taken 13 times
    7 since last reset
  • The average score is 123 of 240
Answer Stats
Hint Subdivision Type Answer % Correct
United States State Nebraska
100%
United States State Nevada
100%
Canada Province New Brunswick
100%
Canada Province Newfoundland and Labrador
100%
United States State New Hampshire
100%
United States State New Jersey
100%
United States State New Mexico
100%
Australia State New South Wales
100%
United States State New York
100%
New Zealand Associated State Niue
100%
Australia External Territory Norfolk Island
100%
United States State North Carolina
100%
United States State North Dakota
100%
South Africa Province Northern Cape
100%
United Kingdom Constituent Country Northern Ireland
100%
United States Territory Northern Mariana Islands
100%
Australia Internal Territory Northern Territory
100%
Canada Territory Northwest Territories
100%
Canada Province Nova Scotia
100%
Canada Territory Nunavut
100%
Algeria Province Naâma
50%
Lebanon Governorate Nabatieh
50%
Tunisia Province Nabeul
50%
Azerbaijan City Naftalan
50%
Myanmar Self-Administered Zone Naga
50%
India State Nagaland
50%
Japan Prefecture Nagano
50%
Japan Prefecture Nagasaki
50%
Kenya County Nairobi
50%
Iraq Governorate Najaf
50%
Saudi Arabia Region Najran
50%
Uganda District Nakapiripirit
50%
Uganda District Nakaseke
50%
Uganda District Nakasongola
50%
Azerbaijan City Nakhchivan
50%
Thailand Province Nakhon Nayok
50%
Thailand Province Nakhon Pathom
50%
Thailand Province Nakhon Phanom
50%
Thailand Province Nakhon Ratchasima
50%
Thailand Province Nakhon Sawan
50%
Thailand Province Nakhon Si Thammarat
50%
Kenya County Nakuru
50%
Libya District Nalut
50%
Uzbekistan Region Namangan
50%
Uganda District Namayingo
50%
Marshall Islands Municipality Namdrik (Namorik)
50%
Angola Province Namibe
50%
Uganda District Namisindwa
50%
North Korea Special City Nampo
50%
Mozambique Province Nampula
50%
Marshall Islands Municipality Namu
50%
Thailand Province Nan
50%
Central African Republic Prefecture Nana-Grébizi
50%
Central African Republic Prefecture Nana-Mambéré
50%
Kenya County Nandi
50%
Afghanistan Province Nangarhar
50%
Taiwan County Nantou
50%
Tuvalu District Nanumanga
50%
Tuvalu District Nanumea
50%
Ecuador Province Napo
50%
Japan Prefecture Nara
50%
Colombia Department Nariño
50%
Kyrgyzstan Region Naryn
50%
Nigeria State Nasarawa
50%
Panama Indigenous Region Naso Tjër Di
50%
Philippines Region National Capital
50%
Spain Autonomous Community Navarre
50%
Uzbekistan Region Navoiy
50%
Mexico State Nayarit
50%
Myanmar Union Territory Naypyidaw
50%
Slovenia Municipality Nazarje
50%
Chad Province N'Djamena
50%
Romania County Neamț
50%
Paraguay Department Ñeembucú
50%
Azerbaijan District Neftchala
50%
Malaysia State Negeri Sembilan
50%
North Macedonia Municipality Negotino
50%
Philippines Region Negros Island
50%
Russia Autonomous Okrug Nenets
50%
Netherlands Constituent Country Netherlands
50%
Switzerland Canton Neuchâtel
50%
Argentina Province Neuquén
50%
St. Kitts and Nevis Island Nevis
50%
Türkiye Province Nevşehir
50%
France Sui Generis Collectivity New Caledonia
50%
Papua New Guinea Province New Ireland
50%
Bahamas District New Providence
50%
Taiwan Special Municipality New Taipei
50%
Egypt Governorate New Valley
50%
New Zealand Sovereign State New Zealand
50%
Panama Indigenous Region Ngäbe-Buglé
50%
Palau State Ngaraard
50%
Palau State Ngarchelong
50%
Palau State Ngardmau
50%
Palau State Ngatpang
50%
Palau State Ngchesar
50%
Palau State Ngeremlengui
50%
Vietnam Province Nghệ An
50%
Palau State Ngiwal
50%
Uganda District Ngora
50%
Gabon Province Ngounié
50%
Niger Capital District Niamey
50%
Republic of the Congo Department Niari
50%
Mozambique Province Niassa
50%
Nauru Distritct Nibok
50%
Suriname Distritct Nickerie
50%
Cyprus Distritct Nicosia
50%
Switzerland Canton Nidwalden
50%
Türkiye Province Niğde
50%
Nigeria State Niger
50%
Japan Prefecture Niigata
50%
Montenegro Municipality Nikšić
50%
Liberia County Nimba
50%
Afghanistan Province Nimruz
50%
Iraq Governorate Nineveh
50%
China Autonomous Region Ningxia
50%
Vietnam Province Ninh Bình
50%
Haiti Department Nippes
50%
Serbia District Nišava
50%
Moldova District Nisporeni
50%
Slovakia Region Nitra
50%
Tonga Province Niua
50%
Tuvalu District Niutao
50%
Russia Oblast Nizhny Novgorod
50%
Tanzania Region Njombe
50%
Hungary County Nógrád
50%
Thailand Province Nong Bua Lamphu
50%
Thailand Province Nong Khai
50%
Thailand Province Nonthaburi
50%
Burkina Faso Region Nord
50%
Haiti Department Nord
50%
Haiti Department Nord-Est
50%
Norway County Nordland
50%
Haiti Department Nord-Ouest
50%
Democratic Republic of the Congo Province Nord-Ubangi
50%
Iceland Municipality Norðurþing
50%
France Region Normandie (Normandy)
50%
Sweden County Norrbotten
50%
Colombia Department Norte de Santander
50%
Cameroon Region North
50%
Lebanon Governorate North
50%
Bahamas District North Abaco
50%
Bahamas District North Andros
50%
Serbia District North Bačka
50%
Serbia District North Banat
50%
Gambia Region North Bank
50%
Nicaragua Autonomous Region North Caribbean Coast
50%
Sri Lanka Province North Central
50%
South Korea Province North Chungcheong
50%
Sudan State North Darfur
50%
Botswana District North-East
50%
Ghana Region North East
50%
Somalia State North Eastern
50%
Bahamas District North Eleuthera
50%
Bahrain Governorate Northern
50%
Fiji Division Northern
50%
Ghana Region Northern
50%
Israel District Northern
50%
Malawi Region Northern
50%
Malta Region Northern
50%
Rwanda Province Northern
50%
Sierra Leone Province Northern
50%
Sri Lanka Province Northern
50%
Sudan State Northern
50%
Zambia Province Northern
50%
Maldives Atoll Northern Ari (Alif Alif)
50%
South Sudan State Northern Bahr el Ghazal
50%
Saudi Arabia Region Northern Borders
50%
Maldives Atoll Northern Huvadhu (Gaafu Alifu)
50%
Maldives Atoll Northern Maalhosmadulu (Raa)
50%
Maldives Atoll Northern Miladhunmadulu (Shaviyani)
50%
Philippines Region Northern Mindanao
50%
Maldives Atoll Northern Nilandhe (Faafu)
50%
Eritrea Region Northern Red Sea
50%
Maldives Atoll Northern Thiladhunmathi (Haa Alif)
50%
Palestine Governorate North Gaza
50%
South Korea Province North Gyeongsang
50%
North Korea Province North Hamgyong
50%
North Korea Province North Hwanghae
50%
South Korea Province North Jeolla
50%
Indonesia Province North Kalimantan
50%
Finland Region North Karelia
50%
Kazakhstan Region North Kazakhstan
50%
Iran Province North Khorasan
50%
Democratic Republic of the Congo Province North Kivu
50%
Sudan State North Kordofan
50%
Indonesia Province North Maluku
50%
Russia Republic North Ossetia–Alania
50%
Finland Region North Ostrobothnia
50%
North Korea Province North Pyongan
50%
Germany State North Rhine-Westphalia (Nordrhein-Westfalen)
50%
Finland Region North Savo
50%
Egypt Governorate North Sinai
50%
Indonesia Province North Sulawesi
50%
Indonesia Province North Sumatra
50%
Botswana District North-West
50%
Sierra Leone Province North West
50%
South Africa Province North West
50%
Cameroon Region Northwest
50%
Sri Lanka Province North Western
50%
Zambia Province North-Western
50%
Mauritania Region Nouakchott-Nord
50%
Mauritania Region Nouakchott-Ouest
50%
Mauritania Region Nouakchott-Sud
50%
France Region Nouvelle-Aquitaine
50%
North Macedonia Municipality Novaci
50%
Slovenia Municipality Nova Gorica
50%
Russia Oblast Novgorod
50%
Slovenia Municipality Novo Mesto
50%
North Macedonia Municipality Novo Selo
50%
Uganda District Ntungamo
50%
Chile Region Ñuble
50%
Venezuela State Nueva Esparta
50%
Nicaragua Department Nueva Segovia
50%
Mexico State Nuevo León
50%
Tuvalu District Nui
50%
Tuvalu District Nukufetau
50%
Tuvalu District Nukulaelae
50%
Libya District Nuqat al Khams
50%
Afghanistan Province Nuristan
50%
Kenya County Nyamira
50%
Kenya County Nyandarua
50%
Gabon Province Nyanga
50%
Kenya County Nyeri
50%
Guinea Region Nzérékoré
50%
Uganda District Nabilatuk
0%
Palestine Governorate Nablus
0%
Slovenia Municipality Naklo
0%
Uganda District Namutumba
0%
Uganda District Napak
0%
Mali Region Nara
0%
Thailand Province Narathiwat
0%
Kenya County Narok
0%
Papua New Guinea District National Capital District
0%
Uganda District Nebbi
0%
Mali Region Nioro
0%
Republic of the Congo Department Nkéni-Alima
0%
Russia Oblast Novosibirsk
0%
Uganda District Ntoroko
0%
Uganda District Nwoya
0%
No matching quizzes found
Score Distribution
Percent of People with Each Score
Percentile by Number Answered
Your Score History
You have not taken this quiz since the last reset